All items found in granny 1.8 - Statistics

General Stats
  • This quiz has been taken 78 times
  • The average score is 27 of 41
Answer Stats
Answer % Correct
Cutting Pliers
87%
Master Key
87%
Padlock Key
87%
Car Key
85%
Hammer
85%
Chain Cutter
83%
Screwdriver
81%
Shotgun
81%
Engine Part
77%
Wrench
74%
Birdseed
72%
Cogwheel
72%
Spark Plug
72%
Crossbow
70%
Car Battery
68%
Melon
68%
Rusty Padlock Key
68%
Teddy
68%
Weapon Key
68%
Wooden Stick
68%
Meat
66%
Padlock Code
66%
Playhouse Key
64%
Special Key
64%
Spider Key
64%
Battery
62%
Cutting Pliers
62%
Safe Key
62%
Gasoline Can
60%
Wheel Crank
60%
Winch Handle
60%
Plank
57%
Freeze Trap
53%
Remote Control
53%
Vase
53%
Shotgun Part
51%
Pepper Spray
49%
Tranquilizer Dart
49%
Painting Piece
36%
Note
34%
Slendrina's Book
9%
No matching quizzes found
Score Distribution
Percent of People with Each Score
Percentile by Number Answered
Your Score History
You have not taken this quiz